[Event "Quang Ninh IM 2nd"]
[Site "Ha Long"]
[Date "2025.06.11"]
[Round "8"]
[White "Nguyen, Vuong Tung Lam"]
[Black "Nguyen, Van Hai"]
[Result "1/2-1/2"]
[WhiteElo "2215"]
[BlackElo "2312"]
[PlyCount "38"]
[EventDate "2025.06.06"]
[EventType "tourn"]
[EventRounds "9"]
[EventCountry "VIE"]
[EventCategory "1"]
[SourceTitle "CB26_2025"]
[SourceDate "2025.06.25"]
[SourceVersion "1"]
[SourceVersionDate "2025.06.25"]
[SourceQuality "1"]

1. d4 Nf6 2. Nf3 e6 3. g3 c5 4. Bg2 d5 5. 0-0 Nc6 6. c4 Be7 7. cxd5 exd5 8. Nc3 0-0 9. dxc5 Bxc5 10. Na4 Be7 11. Be3 Re8 12. Rc1 Ne4 13. Nd4 Bd7 14. Nxc6 Bxc6 15. Nc3 Bf6 16. Nxe4 dxe4 17. Qc2 Qa5 18. b3 Rad8 19. Rfd1 a6 1/2-1/2

[Event "Quang Ninh IM 2nd"]
[Site "Ha Long"]
[Date "2025.06.10"]
[Round "5"]
[White "Nguyen, Van Hai"]
[Black "Arca, Christian Gian Karl"]
[Result "0-1"]
[WhiteElo "2312"]
[BlackElo "2327"]
[PlyCount "76"]
[EventDate "2025.06.06"]
[EventType "tourn"]
[EventRounds "9"]
[EventCountry "VIE"]
[EventCategory "1"]
[SourceTitle "CB26_2025"]
[SourceDate "2025.06.25"]
[SourceVersion "1"]
[SourceVersionDate "2025.06.25"]
[SourceQuality "1"]

1. e4 c6 2. d4 d5 3. Nc3 dxe4 4. Nxe4 Bf5 5. Ng3 Bg6 6. h4 h6 7. Nf3 Nd7 8. h5 Bh7 9. Bd3 Bxd3 10. Qxd3 e6 11. Bd2 Ngf6 12. 0-0-0 Be7 13. Kb1 Qb6 14. Ne4 Rd8 15. Nxf6+ Nxf6 16. Qe2 Qb5 17. c4 Qf5+ 18. Ka1 Nxh5 19. Ne5 Nf4 20. Bxf4 Qxf4 21. g3 Qf6 22. Rd3 Bd6 23. Rf3 Bxe5 24. Rxf6 Bxf6 25. d5 cxd5 26. Rd1 0-0 27. cxd5 exd5 28. Kb1 Rfe8 29. Qf3 Re6 30. Rd2 Rb6 31. Qf5 Re8 32. a3 Rd8 33. Ka2 g6 34. Qf4 Kg7 35. Qc7 Rdd6 36. Qc5 d4 37. Qc4 d3 38. Qc1 Rdc6 0-1

[Event "Quang Ninh IM 2nd"]
[Site "Ha Long"]
[Date "2025.06.07"]
[Round "3"]
[White "Nguyen, Van Hai"]
[Black "Wynn, Zaw Htung"]
[Result "1/2-1/2"]
[WhiteElo "2312"]
[BlackElo "2397"]
[PlyCount "41"]
[EventDate "2025.06.06"]
[EventType "tourn"]
[EventRounds "9"]
[EventCountry "VIE"]
[EventCategory "1"]
[SourceTitle "CB26_2025"]
[SourceDate "2025.06.25"]
[SourceVersion "1"]
[SourceVersionDate "2025.06.25"]
[SourceQuality "1"]

1. e4 e5 2. Nf3 Nc6 3. d4 exd4 4. Nxd4 Nf6 5. Nc3 Bb4 6. Nxc6 bxc6 7. Bd3 d5 8. exd5 cxd5 9. 0-0 0-0 10. Bg5 c6 11. Qf3 Bd6 12. Rae1 Rb8 13. Nd1 h6 14. Bxf6 Qxf6 15. Qxf6 gxf6 16. b3 f5 17. Ne3 f4 18. Nf5 Bxf5 19. Bxf5 Kg7 20. g3 Kf6 21. Bd3 1/2-1/2

[Event "Quang Ninh IM 2nd"]
[Site "Ha Long"]
[Date "2025.06.07"]
[Round "2"]
[White "Tran, Dang Minh Quang"]
[Black "Nguyen, Van Hai"]
[Result "1/2-1/2"]
[WhiteElo "2220"]
[BlackElo "2312"]
[PlyCount "40"]
[EventDate "2025.06.06"]
[EventType "tourn"]
[EventRounds "9"]
[EventCountry "VIE"]
[EventCategory "1"]
[SourceTitle "CB26_2025"]
[SourceDate "2025.06.25"]
[SourceVersion "1"]
[SourceVersionDate "2025.06.25"]
[SourceQuality "1"]

1. c4 e6 2. g3 Nf6 3. Nf3 d5 4. Bg2 Be7 5. 0-0 0-0 6. b3 c5 7. cxd5 exd5 8. d4 Nc6 9. Nc3 Ne4 10. Bb2 Bf6 11. Na4 b5 12. Nxc5 Nxc5 13. Rc1 Nxb3 14. axb3 Ne7 15. Qd2 Bg4 16. Ne5 Be6 17. e3 Qb6 18. Rc2 Rac8 19. Rfc1 Rxc2 20. Rxc2 Rc8 1/2-1/2

[Event "Quang Ninh IM 2nd"]
[Site "Ha Long"]
[Date "2025.06.06"]
[Round "1"]
[White "Duong, Vu Anh"]
[Black "Nguyen, Van Hai"]
[Result "1/2-1/2"]
[WhiteElo "2217"]
[BlackElo "2312"]
[PlyCount "79"]
[EventDate "2025.06.06"]
[EventType "tourn"]
[EventRounds "9"]
[EventCountry "VIE"]
[EventCategory "1"]
[SourceTitle "CB26_2025"]
[SourceDate "2025.06.25"]
[SourceVersion "1"]
[SourceVersionDate "2025.06.25"]
[SourceQuality "1"]

1. c4 e6 2. d4 Nf6 3. Nf3 d5 4. Nc3 Bb4 5. cxd5 exd5 6. Bg5 h6 7. Bxf6 Qxf6 8. Qa4+ Nc6 9. e3 0-0 10. Bd3 Bg4 11. Nd2 Qg5 12. h3 Bd7 13. Kf1 Bxc3 14. bxc3 Ne5 15. Bb5 c6 16. Be2 Ng6 17. g3 Rfe8 18. h4 Qf6 19. Kg2 Ne7 20. Rae1 Nf5 21. Bd3 Nd6 22. Qa3 Re7 23. f3 Rae8 24. e4 dxe4 25. fxe4 Nb5 26. Qb2 Qe6 27. c4 Nd6 28. c5 Nb5 29. a4 Nc7 30. Nc4 b6 31. cxb6 axb6 32. Qxb6 Nd5 33. exd5 Qxd5+ 34. Kf2 Bh3 35. Rxh3 Rxe1 36. g4 Ra1 37. Rf3 g6 38. a5 Ra4 39. Qxc6 Qe6 40. Nd2 1/2-1/2

[Event "VIE-chB"]
[Site "Ba Dinh"]
[Date "2018.12.01"]
[Round "6"]
[White "Nguyen, Van Hai"]
[Black "Nguyen, Hoang Duc"]
[Result "1-0"]
[WhiteElo "2312"]
[BlackElo "2066"]
[PlyCount "71"]
[EventDate "2018.11.28"]
[EventType "swiss"]
[EventRounds "9"]
[EventCountry "VIE"]
[SourceTitle "EXT 2021"]
[Source "ChessBase"]
[SourceDate "2020.10.23"]
[SourceVersion "1"]
[SourceVersionDate "2020.10.23"]
[SourceQuality "1"]

1. e4 d6 2. d4 Nf6 3. Nc3 g6 4. Be3 a6 5. Qd2 b5 6. a3 Bb7 7. f3 Nbd7 8. Nge2 Nb6 9. Ng3 h5 10. h4 Bg7 11. Be2 Nfd7 12. 0-0-0 Rc8 13. Kb1 c5 14. f4 b4 15. axb4 cxb4 16. Na2 a5 17. f5 Nc4 18. Bxc4 Rxc4 19. fxg6 fxg6 20. Qd3 Rc6 21. e5 dxe5 22. Qb3 Rd6 23. Rhf1 Bd5 24. Qd3 exd4 25. Bg5 Ne5 26. Qb5+ Bc6 27. Qe2 d3 28. cxd3 Rxd3 29. Nc1 Rxd1 30. Rxd1 Qc7 31. Qf2 Ng4 32. Qc2 0-0 33. Nce2 Qe5 34. Bf4 Rxf4 35. Nxf4 Ba4 36. Rd8+ 1-0

[Event "Penang Mini op1st"]
[Site "Penang"]
[Date "2018.06.16"]
[Round "7"]
[White "Lim, Kian Hwa"]
[Black "Nguyen, Van Hai"]
[Result "0-1"]
[WhiteElo "1709"]
[BlackElo "2361"]
[PlyCount "68"]
[EventDate "2018.06.13"]
[EventType "swiss"]
[EventRounds "9"]
[EventCountry "MAS"]
[SourceTitle "CBM 184 Extra"]
[Source "ChessBase"]
[SourceDate "2018.06.28"]
[SourceVersion "1"]
[SourceVersionDate "2018.06.28"]
[SourceQuality "1"]

1. e4 e6 2. d4 d5 3. exd5 exd5 4. Bd3 Nc6 5. c3 Bd6 6. h3 Nge7 7. Nf3 Bf5 8. 0-0 Qd7 9. Re1 f6 10. Bxf5 Qxf5 11. Nbd2 g5 12. Nf1 0-0-0 13. Bd2 h5 14. Qe2 Kb8 15. Qe6 Qg6 16. Re2 Nf5 17. Rae1 Ng7 18. Bxg5 Nxe6 19. Rxe6 Rhf8 20. Bd2 Rde8 21. Nh4 Qf7 22. R6e3 Rxe3 23. Nxe3 Bf4 24. g3 Bxe3 25. Bxe3 Re8 26. Nf5 Qg6 27. Nh4 Qc2 28. Kg2 Re4 29. Nf5 Qxb2 30. Bc1 Qxc3 31. Rxe4 dxe4 32. Be3 Qc2 33. h4 Qxa2 34. Ng7 Qf7 0-1

[Event "VIE Cup"]
[Site "Bac Giang"]
[Date "2018.05.30"]
[Round "1"]
[White "Nguyen, Minh Dat"]
[Black "Nguyen, Van Hai"]
[Result "0-1"]
[WhiteElo "1921"]
[BlackElo "2361"]
[PlyCount "64"]
[EventDate "2018.05.30"]
[EventType "swiss"]
[EventRounds "9"]
[EventCountry "VIE"]
[SourceTitle "CBM 184 Extra"]
[Source "ChessBase"]
[SourceDate "2018.06.28"]
[SourceVersion "1"]
[SourceVersionDate "2018.06.28"]
[SourceQuality "1"]

1. e4 e6 2. d4 d5 3. exd5 exd5 4. Bd3 Nc6 5. Nf3 Bg4 6. c3 Bd6 7. h3 Bh5 8. Be3 Nge7 9. Nbd2 Qd7 10. Qc2 f5 11. Bg5 Qe6+ 12. Kf1 0-0 13. Re1 Qf7 14. Ne5 Nxe5 15. dxe5 Bc5 16. Be3 Bxe3 17. Rxe3 f4 18. Re1 Kh8 19. Be2 Bg6 20. Bd3 Bh5 21. Be2 Bg6 22. Bd3 Nf5 23. Nf3 c5 24. e6 Qf6 25. Ne5 Ne3+ 26. fxe3 Qxe5 27. Bxg6 hxg6 28. Qe2 fxe3+ 29. Kg1 d4 30. Qb5 Qg3 31. Re2 Rf2 32. Qxb7 Rxe2 0-1

[Event "Hanoi HD Bank op-A 8th"]
[Site "Hanoi"]
[Date "2018.03.14"]
[Round "7"]
[White "Nguyen, Van Hai"]
[Black "Bogdanovich, Stanislav"]
[Result "1/2-1/2"]
[WhiteElo "2335"]
[BlackElo "2560"]
[PlyCount "70"]
[EventDate "2018.03.10"]
[EventType "swiss"]
[EventRounds "9"]
[EventCountry "VIE"]
[SourceTitle "CBM 183 Extra"]
[Source "ChessBase"]
[SourceDate "2018.04.19"]
[SourceVersion "1"]
[SourceVersionDate "2018.04.19"]
[SourceQuality "1"]

1. e4 d6 2. d4 Nf6 3. Nc3 Nbd7 4. Nf3 e5 5. Bc4 Be7 6. dxe5 dxe5 7. Qe2 0-0 8. 0-0 c6 9. Rd1 Qc7 10. a4 Nc5 11. h3 b6 12. Nh4 Re8 13. Qf3 g6 14. Bh6 Be6 15. Bf1 Kh8 16. Bg5 Nh5 17. Bxe7 Qxe7 18. g3 Qg5 19. Kh2 Rad8 20. Qe2 Qh6 21. Rxd8 Rxd8 22. Rd1 Rd4 23. Nf3 Bg4 24. Kg1 Bxf3 25. Qxf3 Kg7 26. Rxd4 exd4 27. Bc4 f5 28. Ne2 Nxe4 29. Nxd4 Qd2 30. Bd3 Nhf6 31. Nb3 Qe1+ 32. Kg2 Nd5 33. Qe2 Qb4 34. Bxe4 fxe4 35. Qd2 Qxa4 1/2-1/2

[Event "VIE-ch"]
[Site "Hanoi"]
[Date "2017.04.21"]
[Round "8"]
[White "Nguyen, Van Hai"]
[Black "Doan, Van Duc"]
[Result "1-0"]
[WhiteElo "2323"]
[BlackElo "2142"]
[PlyCount "93"]
[EventDate "2017.04.16"]
[EventType "swiss"]
[EventRounds "11"]
[EventCountry "VIE"]
[SourceTitle "CBM 178 Extra"]
[Source "ChessBase"]
[SourceDate "2017.06.22"]
[SourceVersion "1"]
[SourceVersionDate "2017.06.22"]
[SourceQuality "1"]

1. e4 c5 2. Nf3 d6 3. d4 cxd4 4. Nxd4 Nf6 5. Nc3 a6 6. Be3 e5 7. Nb3 Be6 8. Be2 Be7 9. 0-0 0-0 10. f4 Qc7 11. Qe1 Nbd7 12. Qg3 Kh8 13. fxe5 dxe5 14. Rad1 Rac8 15. Bf3 b5 16. Rf2 b4 17. Nd5 Bxd5 18. exd5 Bd6 19. Qh3 e4 20. Be2 Qxc2 21. Nd4 Qc7 22. Bxa6 Ra8 23. Be2 Rxa2 24. Nb5 Qb8 25. g4 Bc5 26. g5 Bxe3 27. Qxe3 Ne8 28. Qxe4 Nd6 29. Qe7 Nxb5 30. Qxd7 Nd6 31. Bf3 Rd8 32. Qg4 b3 33. Rc1 Ra7 34. Qf4 Re7 35. Rc3 Kg8 36. Kg2 g6 37. Re2 Rxe2+ 38. Bxe2 Nf5 39. Qxb8 Rxb8 40. Kf2 Kf8 41. Bd3 Ng7 42. Ke3 Ne8 43. Kd4 Ke7 44. Kc5 Rd8 45. h4 f6 46. Bb5 Rb8 47. Bc4 1-0

[Event "VIE-ch"]
[Site "Hanoi"]
[Date "2017.04.20"]
[Round "7"]
[White "Phan, Phuong Duc"]
[Black "Nguyen, Van Hai"]
[Result "1/2-1/2"]
[WhiteElo "1981"]
[BlackElo "2323"]
[PlyCount "44"]
[EventDate "2017.04.16"]
[EventType "swiss"]
[EventRounds "11"]
[EventCountry "VIE"]
[SourceTitle "CBM 178 Extra"]
[Source "ChessBase"]
[SourceDate "2017.06.22"]
[SourceVersion "1"]
[SourceVersionDate "2017.06.22"]
[SourceQuality "1"]

1. e4 e6 2. d4 d5 3. Nd2 dxe4 4. Nxe4 Nd7 5. Nf3 Ngf6 6. Bd3 Be7 7. 0-0 0-0 8. c4 b6 9. Nxf6+ Nxf6 10. Ne5 Bb7 11. Be3 Qc8 12. Qc2 h6 13. c5 Rd8 14. Rac1 bxc5 15. dxc5 Rd5 16. f4 Ba6 17. Rfd1 Bxd3 18. Rxd3 Qa6 19. Ra3 Qb5 20. Rb3 Qa6 21. Ra3 Qb5 22. Rb3 Qa6 1/2-1/2

[Event "VIE-ch"]
[Site "Hanoi"]
[Date "2017.04.18"]
[Round "3"]
[White "Nguyen, Van Hai"]
[Black "Nguyen, Hoang Nam2"]
[Result "1-0"]
[WhiteElo "2323"]
[BlackElo "2218"]
[PlyCount "97"]
[EventDate "2017.04.16"]
[EventType "swiss"]
[EventRounds "11"]
[EventCountry "VIE"]
[SourceTitle "CBM 178 Extra"]
[Source "ChessBase"]
[SourceDate "2017.06.22"]
[SourceVersion "1"]
[SourceVersionDate "2017.06.22"]
[SourceQuality "1"]

1. e4 c5 2. Nf3 Nc6 3. Bb5 e6 4. 0-0 Nge7 5. Re1 Nd4 6. Nxd4 cxd4 7. d3 a6 8. Ba4 Nc6 9. Nd2 Be7 10. Qg4 0-0 11. Nf3 Kh8 12. e5 b5 13. Bb3 f6 14. exf6 gxf6 15. Nxd4 Bb7 16. Nxc6 Bxc6 17. Qh5 Rg8 18. f3 Qc7 19. d4 Rg6 20. c3 Rag8 21. Re2 f5 22. d5 Bxd5 23. Bxd5 Qc5+ 24. Be3 Qxd5 25. Bd4+ Bf6 26. Bxf6+ Rxf6 27. Qh4 Kg7 28. a4 Rc8 29. axb5 axb5 30. Ra7 Rf7 31. Qf2 e5 32. Qg3+ Kf6 33. Qh4+ Kg7 34. Qg5+ Kh8 35. Qe3 Re8 36. Rc7 Rg7 37. Rc5 Qd1+ 38. Re1 Qb3 39. Rxe5 Reg8 40. g3 Qxb2 41. Re8 Qa2 42. Qd4 Qf7 43. R8e7 Qc4 44. Qe5 d6 45. Qf6 Qc8 46. Rxg7 Rxg7 47. Re7 Qg8 48. Rd7 f4 49. Rd8 1-0

[Event "Tagaytay City zt 3.3"]
[Site "Tagaytay City"]
[Date "2017.03.04"]
[Round "8"]
[White "Garcia, Jan Emmanuel"]
[Black "Nguyen, Van Hai"]
[Result "1/2-1/2"]
[WhiteElo "2444"]
[BlackElo "2353"]
[PlyCount "41"]
[EventDate "2017.02.25"]
[EventType "swiss"]
[EventRounds "9"]
[EventCountry "PHI"]
[SourceTitle "CBM 177 Extra"]
[Source "ChessBase"]
[SourceDate "2017.04.27"]
[SourceVersion "1"]
[SourceVersionDate "2017.04.27"]
[SourceQuality "1"]

1. c4 Nf6 2. g3 g6 3. Bg2 d5 4. cxd5 Nxd5 5. Nc3 Nb6 6. d3 Bg7 7. Be3 Nc6 8. Nf3 0-0 9. Qd2 e5 10. Bh6 Nd4 11. Bxg7 Nxf3+ 12. Bxf3 Kxg7 13. 0-0 c6 14. b4 Qe7 15. Rfb1 Be6 16. b5 c5 17. a4 Rfd8 18. a5 Nd5 19. Ra4 Rac8 20. Qb2 Nxc3 21. Qxc3 1/2-1/2

[Event "Tagaytay City zt 3.3"]
[Site "Tagaytay City"]
[Date "2017.02.26"]
[Round "2"]
[White "Nguyen, Van Hai"]
[Black "Nguyen, Ngoc Truong Son"]
[Result "0-1"]
[WhiteElo "2353"]
[BlackElo "2629"]
[PlyCount "90"]
[EventDate "2017.02.25"]
[EventType "swiss"]
[EventRounds "9"]
[EventCountry "PHI"]
[SourceTitle "CBM 177 Extra"]
[Source "ChessBase"]
[SourceDate "2017.04.27"]
[SourceVersion "1"]
[SourceVersionDate "2017.04.27"]
[SourceQuality "1"]

1. e4 e5 2. Nf3 Nc6 3. Bb5 Nf6 4. 0-0 Nxe4 5. d4 Nd6 6. Bxc6 dxc6 7. dxe5 Nf5 8. Qxd8+ Kxd8 9. Rd1+ Ke8 10. Nc3 h6 11. h3 Ne7 12. Ne2 Ng6 13. b3 a5 14. a4 Bc5 15. Bb2 Be6 16. Nfd4 Rd8 17. Kh2 Bc8 18. f4 Bxd4 19. Rxd4 Rxd4 20. Bxd4 h5 21. Rd1 b6 22. Be3 Ne7 23. c4 f6 24. Nd4 Kf7 25. exf6 gxf6 26. Rd2 Rd8 27. Kg1 c5 28. Nb5 Rxd2 29. Bxd2 Bf5 30. Nxc7 Bc2 31. f5 Bxb3 32. Na8 Nc8 33. Bf4 Ke7 34. Bc7 Kd7 35. g4 hxg4 36. hxg4 Kc6 37. Bd8 Bxa4 38. Nc7 Bd1 39. Nd5 Bxg4 40. Ne3 Be2 41. Kf2 Bd3 42. Bxf6 Nd6 43. Be7 Nxc4 44. f6 Ne5 45. Ke1 Bg6 0-1

[Event "VIE-ch"]
[Site "Vietnam"]
[Date "2016.05.03"]
[Round "9"]
[White "Lu, Chan Hung"]
[Black "Nguyen, Van Hai"]
[Result "0-1"]
[WhiteElo "2259"]
[BlackElo "2362"]
[PlyCount "68"]
[EventDate "2016.04.27"]
[EventType "swiss"]
[EventRounds "9"]
[EventCountry "VIE"]
[SourceTitle "CBM 172 Extra"]
[Source "ChessBase"]
[SourceDate "2016.06.21"]
[SourceVersion "1"]
[SourceVersionDate "2016.06.21"]
[SourceQuality "1"]

1. c4 Nf6 2. g3 g6 3. Bg2 d5 4. Nf3 Bg7 5. 0-0 0-0 6. Qc2 Nc6 7. d3 d4 8. Na3 e5 9. Bd2 a5 10. Nb5 Nd7 11. a3 a4 12. e3 Nc5 13. exd4 exd4 14. Bb4 Nxb4 15. axb4 Nb3 16. Rae1 c6 17. Na3 Qb6 18. b5 cxb5 19. Nxb5 Bd7 20. Na3 Qb4 21. Ne5 Be6 22. Re2 Rac8 23. Rfe1 Rfd8 24. h3 Nc5 25. g4 Bh6 26. Nf3 Bf4 27. Nb5 Nxd3 28. Rxe6 Nxe1 29. Rxe1 d3 30. Qc3 Qxc4 31. Qxc4 Rxc4 32. Nc3 d2 33. Rd1 a3 34. Bf1 Rcc8 0-1

[Event "VIE-ch"]
[Site "Vietnam"]
[Date "2016.04.29"]
[Round "4"]
[White "Nguyen, Van Hai"]
[Black "Hoang, Van Ngoc"]
[Result "1-0"]
[WhiteElo "2362"]
[BlackElo "2204"]
[PlyCount "83"]
[EventDate "2016.04.27"]
[EventType "swiss"]
[EventRounds "9"]
[EventCountry "VIE"]
[SourceTitle "CBM 172 Extra"]
[Source "ChessBase"]
[SourceDate "2016.06.21"]
[SourceVersion "1"]
[SourceVersionDate "2016.06.21"]
[SourceQuality "1"]

1. d4 Nf6 2. Bg5 e6 3. Nc3 d5 4. e4 dxe4 5. Nxe4 Be7 6. Bxf6 Bxf6 7. Nf3 0-0 8. c3 Be7 9. Bd3 b6 10. Qe2 Bb7 11. 0-0-0 b5 12. h4 Bd5 13. Nfg5 h6 14. Nf3 Nd7 15. g4 g6 16. Bxb5 Bxa2 17. Ne5 Nb6 18. h5 g5 19. f4 Bd5 20. Bc6 Rb8 21. Nc5 gxf4 22. Bxd5 Nxd5 23. Nc6 Bg5 24. Qd3 Qd6 25. Nxb8 Rxb8 26. Kb1 Ne3 27. Rd2 Nxg4 28. Rg1 Nf6 29. Re2 Nxh5 30. Ne4 Qd8 31. Nxg5 hxg5 32. Rh2 Ng3 33. Qh7+ Kf8 34. Qh6+ Ke8 35. Qg7 Kd7 36. Qxf7+ Kd6 37. Rh7 Nf5 38. Rxg5 Rb5 39. Rg6 Qc8 40. Rg8 Rxb2+ 41. Kxb2 Qb7+ 42. Kc1 1-0

[Event "VIE-ch"]
[Site "Vietnam"]
[Date "2016.04.27"]
[Round "1"]
[White "Nguyen, Phuoc Tam"]
[Black "Nguyen, Van Hai"]
[Result "0-1"]
[WhiteElo "2042"]
[BlackElo "2362"]
[PlyCount "112"]
[EventDate "2016.04.27"]
[EventType "swiss"]
[EventRounds "9"]
[EventCountry "VIE"]
[SourceTitle "CBM 172 Extra"]
[Source "ChessBase"]
[SourceDate "2016.06.21"]
[SourceVersion "1"]
[SourceVersionDate "2016.06.21"]
[SourceQuality "1"]

1. d4 e6 2. Nf3 Nf6 3. Bg5 h6 4. Bxf6 Qxf6 5. e4 d6 6. Bd3 g6 7. Nbd2 Bg7 8. Nc4 b6 9. c3 Bb7 10. Qe2 Nd7 11. Ne3 a6 12. h4 Qe7 13. 0-0-0 b5 14. Kb1 c5 15. Bc2 0-0-0 16. Rhe1 Nb6 17. h5 g5 18. d5 Rhe8 19. Qd3 Kb8 20. a3 Qc7 21. e5 Bxd5 22. Qh7 Rg8 23. Ng4 dxe5 24. Nxh6 Bxh6 25. Qxh6 Bxf3 26. gxf3 Nd5 27. Rxd5 Rxd5 28. Qf6 Re8 29. h6 Qe7 30. Qg7 f6 31. Qg6 Rh8 32. h7 Rd7 33. Rh1 f5 34. Qg8+ Rd8 35. Qg6 Ka7 36. Rh6 Rd7 37. Bxf5 exf5 38. Qxa6+ Kb8 39. Qxb5+ Rb7 40. Qa5 Qc7 41. Qa4 Qd7 42. Qc4 Rxh7 43. Rxh7 Qxh7 44. Qxc5 Qe7 45. Qc6 Qd7 46. Qc4 Qb5 47. Qg8+ Ka7 48. b4 Qd3+ 49. Kb2 Rc7 50. Qb3 Qd2+ 51. Kb1 Qe1+ 52. Kb2 Qxf2+ 53. Kb1 Qe1+ 54. Kb2 Qe2+ 55. Kb1 Rh7 56. Qa4+ Kb7 0-1

[Event "Ho Chi Minh City HD Bank op-A 6th"]
[Site "Ho Chi Minh City"]
[Date "2016.03.11"]
[Round "6"]
[White "Nguyen, Van Hai"]
[Black "Gong, Qianyun"]
[Result "1-0"]
[WhiteElo "2367"]
[BlackElo "2272"]
[PlyCount "120"]
[EventDate "2016.03.08"]
[EventType "swiss"]
[EventRounds "9"]
[EventCountry "VIE"]
[SourceTitle "CBM 171 Extra"]
[Source "ChessBase"]
[SourceDate "2016.04.26"]
[SourceVersion "1"]
[SourceVersionDate "2016.04.26"]
[SourceQuality "1"]

1. d4 e6 2. Nf3 Nf6 3. g3 b6 4. Bg2 Bb7 5. 0-0 Be7 6. c4 0-0 7. b3 d6 8. Bb2 Nbd7 9. Re1 c5 10. Nc3 d5 11. cxd5 exd5 12. dxc5 Nxc5 13. Nd4 Re8 14. Rc1 Qd7 15. Qc2 Rac8 16. Qf5 Ne6 17. Nxe6 fxe6 18. Qd3 e5 19. e3 Bc5 20. Red1 Rcd8 21. Rc2 Kh8 22. Na4 Bd6 23. Nc3 Bc5 24. Na4 Bd6 25. h3 Bc6 26. Nc3 Bc5 27. Qf1 Qf5 28. Rcd2 Qe6 29. a3 a5 30. Na4 Bxa4 31. bxa4 Rd6 32. Qb5 Red8 33. Kh2 h6 34. Re2 Qf5 35. f4 Qh5 36. fxe5 Ng4+ 37. Kh1 Rg6 38. Qd3 Nxe3 39. Rde1 Nf5 40. g4 Rxg4 41. Qf3 Ng3+ 42. Kh2 Nxe2 43. Qxg4 Qxg4 44. hxg4 Nf4 45. Bf1 Ne6 46. Bd3 Kg8 47. Rf1 Rf8 48. Bf5 Nc7 49. Kg2 d4 50. Bc1 Kf7 51. g5 Ke7 52. gxh6 gxh6 53. Bxh6 Rg8+ 54. Kf3 Nd5 55. Rh1 Nc7 56. Bd2 Rg7 57. Ke4 Ne6 58. Rh6 Nf8 59. Rc6 Rg3 60. Bf4 Rc3 1-0

[Event "Ho Chi Minh City HD Bank op-A 6th"]
[Site "Ho Chi Minh City"]
[Date "2016.03.10"]
[Round "5"]
[White "Diu, Viacheslav"]
[Black "Nguyen, Van Hai"]
[Result "1-0"]
[WhiteElo "2427"]
[BlackElo "2367"]
[PlyCount "41"]
[EventDate "2016.03.08"]
[EventType "swiss"]
[EventRounds "9"]
[EventCountry "VIE"]
[SourceTitle "CBM 171 Extra"]
[Source "ChessBase"]
[SourceDate "2016.04.26"]
[SourceVersion "1"]
[SourceVersionDate "2016.04.26"]
[SourceQuality "1"]

1. d4 d5 2. c4 e6 3. Nf3 c5 4. cxd5 exd5 5. Nc3 Nc6 6. dxc5 d4 7. Na4 Bxc5 8. Nxc5 Qa5+ 9. Qd2 Qxc5 10. e3 dxe3 11. Qxe3+ Qxe3+ 12. Bxe3 Nge7 13. Bc4 Be6 14. Bxe6 fxe6 15. Ng5 Kd7 16. 0-0-0+ Nd5 17. Rhe1 Rac8 18. Kb1 h6 19. Nxe6 Kxe6 20. Bc5+ Ne5 21. Bd4 1-0

[Event "Ho Chi Minh City HD Bank op-A 6th"]
[Site "Ho Chi Minh City"]
[Date "2016.03.10"]
[Round "4"]
[White "Nguyen, Van Hai"]
[Black "Das, Sayantan"]
[Result "1/2-1/2"]
[WhiteElo "2367"]
[BlackElo "2443"]
[PlyCount "86"]
[EventDate "2016.03.08"]
[EventType "swiss"]
[EventRounds "9"]
[EventCountry "VIE"]
[SourceTitle "CBM 171 Extra"]
[Source "ChessBase"]
[SourceDate "2016.04.26"]
[SourceVersion "1"]
[SourceVersionDate "2016.04.26"]
[SourceQuality "1"]

1. d4 d5 2. c4 c6 3. Nf3 Nf6 4. Nc3 dxc4 5. a4 Bf5 6. e3 e6 7. Bxc4 Bb4 8. 0-0 Nbd7 9. Qb3 Qb6 10. Bd2 a5 11. Rfe1 0-0 12. Nh4 Bg4 13. f3 Bh5 14. g4 Bg6 15. Nxg6 hxg6 16. g5 Nd5 17. Re2 Qd8 18. f4 N7b6 19. Nxd5 exd5 20. Bd3 Bxd2 21. Rxd2 Qe7 22. Re1 Nc8 23. e4 dxe4 24. Rxe4 Qd7 25. Be2 Ne7 26. Re5 Rad8 27. Bf3 Rfe8 28. Be4 Nd5 29. Qf3 Nc7 30. Rxa5 Qe7 31. Re5 Qb4 32. Qc3 Qxa4 33. Ra5 Nb5 34. Rxa4 Nxc3 35. bxc3 Rxe4 36. Ra7 Rxf4 37. Rxb7 Rf5 38. h4 c5 39. Kg2 Kf8 40. Kg3 f6 41. gxf6 gxf6 42. Re2 cxd4 43. cxd4 Rxd4 1/2-1/2

[Event "Ho Chi Minh City HD Bank op-A 6th"]
[Site "Ho Chi Minh City"]
[Date "2016.03.09"]
[Round "3"]
[White "Khin, Ko"]
[Black "Nguyen, Van Hai"]
[Result "0-1"]
[WhiteElo "2167"]
[BlackElo "2367"]
[PlyCount "80"]
[EventDate "2016.03.08"]
[EventType "swiss"]
[EventRounds "9"]
[EventCountry "VIE"]
[SourceTitle "CBM 171 Extra"]
[Source "ChessBase"]
[SourceDate "2016.04.26"]
[SourceVersion "1"]
[SourceVersionDate "2016.04.26"]
[SourceQuality "1"]

1. d4 Nf6 2. c4 g6 3. Nc3 d5 4. cxd5 Nxd5 5. e4 Nxc3 6. bxc3 Bg7 7. Bc4 c5 8. Ne2 0-0 9. 0-0 Nc6 10. Be3 Bd7 11. Rb1 Rc8 12. dxc5 Qc7 13. f4 Na5 14. Bd3 Rfd8 15. Qc2 e6 16. Ng3 e5 17. f5 Bf8 18. Qf2 Be8 19. Be2 Bxc5 20. fxg6 hxg6 21. Bg4 Bxe3 22. Qxe3 Qc5 23. Rf3 Qxe3+ 24. Rxe3 Rc5 25. h4 Nc4 26. Re2 Rd3 27. Kh2 Bc6 28. h5 Kg7 29. hxg6 fxg6 30. Be6 Nd6 31. c4 Nxc4 32. Rc1 b5 33. Rf2 Rd6 34. Rf7+ Kh6 35. Bc8 Be8 36. Rxa7 Rxc8 37. Rc3 Rd7 38. Ra6 Kg7 39. Nf1 Bf7 40. Ne3 Rh8+ 0-1

[Event "Ho Chi Minh City HD Bank op-A 6th"]
[Site "Ho Chi Minh City"]
[Date "2016.03.08"]
[Round "1"]
[White "Luong, Phuong Hanh"]
[Black "Nguyen, Van Hai"]
[Result "0-1"]
[WhiteElo "2143"]
[BlackElo "2367"]
[PlyCount "72"]
[EventDate "2016.03.08"]
[EventType "swiss"]
[EventRounds "9"]
[EventCountry "VIE"]
[SourceTitle "CBM 171 Extra"]
[Source "ChessBase"]
[SourceDate "2016.04.26"]
[SourceVersion "1"]
[SourceVersionDate "2016.04.26"]
[SourceQuality "1"]

1. d4 Nf6 2. Nf3 e6 3. c4 b6 4. Nc3 Bb7 5. Qc2 Bb4 6. Bg5 h6 7. Bh4 g5 8. Bg3 Ne4 9. Be5 f6 10. d5 exd5 11. cxd5 fxe5 12. Qxe4 Bxc3+ 13. bxc3 d6 14. Qg6+ Kf8 15. h4 g4 16. Qxg4 Bxd5 17. Rd1 Bf7 18. Qf5 Nd7 19. g4 Qe7 20. g5 e4 21. g6 exf3 22. Qxf3 Re8 23. Rg1 Rg8 24. gxf7 Qxf7 25. Rxg8+ Kxg8 26. Qg4+ Kh8 27. Bh3 Ne5 28. Qd4 Qf6 29. Kd2 c5 30. Qa4 Re7 31. f3 d5 32. Re1 Nc4+ 33. Kc2 Qxh4 34. Qc6 Qxh3 35. Qf6+ Rg7 36. Rg1 Qf5+ 0-1